| 000 | 00798nam a2200241Ia 4500 | ||
|---|---|---|---|
| 005 | 20230921095535.0 | ||
| 008 | 210716s2008 xx 000 0 und d | ||
| 040 | _cAIMIT LIBRARY | ||
| 041 | _aeng | ||
| 082 |
_a374.22 _21 _bALIM |
||
| 100 |
_aAli, Moi. _9134327 |
||
| 245 |
_aEssential life and work skills : _bwinners manual / _cBy Moi Ali, George P Boulden and Robert Heller. |
||
| 250 | _a1st ed. | ||
| 260 |
_aLondon : _bDorling Kindersley Pvt Ltd , _c2008. |
||
| 300 |
_a72p. ; _bHB _c18.1 cm |
||
| 650 |
_aGeneral Management _9134328 |
||
| 651 |
_aMarketing effectively _9134329 |
||
| 651 |
_aThinking creatively _9134330 |
||
| 651 |
_aCommunicate clearly _9134331 |
||
| 700 |
_aBoulden, George P. _9134332 |
||
| 700 |
_aHeller, Robert. _9134333 |
||
| 942 |
_2ddc _cBK _e1st _k374.22 ALIM |
||
| 999 |
_c204225 _d204225 |
||